| 000 | 00426nam a22001577a 4500 | ||
|---|---|---|---|
| 008 | 230620b |||||||| |||| 00| 0 eng d | ||
| 040 |
_aNational Science Library _cNational Science Library |
||
| 080 |
_a620.91 _bQ0 |
||
| 100 | _aChaturvedi, Pankaj Som | ||
| 245 | _aI know solar now | ||
| 260 |
_aNew Delhi: _bSolar Energy Review, _c2010 |
||
| 300 | _a227p. | ||
| 650 | _aSolar | ||
| 653 | _aPlants | ||
| 942 |
_2udc _cBK |
||
| 999 |
_c45230 _d45230 |
||